| 000 -LEADER |
| fixed length control field |
00443cam a22001091 4500 |
| 008 - FIXED-LENGTH DATA ELEMENTS--GENERAL INFORMATION |
| fixed length control field |
770326s1943 xx 000 0 eng |
| 082 ## - |
| Classification number |
383.22 |
| 100 ## - MAIN ENTRY--AUTHOR'S NAME |
| Author's Name |
Lindquist, H.L. |
| 245 04 - TITLE STATEMENT |
| Title |
The Stamp specialist brown book. |
| 260 ## - PUBLICATION, DISTRIBUTION, ETC. (IMPRINT) |
| Place of publication, distribution, etc. |
[New York, |
| Name of publisher, distributor, etc. |
H. L. Lindquist, |
| Date of publication, distribution, etc. |
1943] |
| 650 #0 - TOPICAL TERM (Tag) |
| Topical term or geographic name |
30 cents Black Imperforate of 1860|Confederate Notes|Democracy of Philately|Canada 17c 1859|Russia - The Small Head U.S.S.R|Colors of the 1861, 3c U.S. Design Stamp |